| 000 | 00540nam a22001937a 4500 | ||
|---|---|---|---|
| 003 | MPLRDC | ||
| 005 | 20220104183918.0 | ||
| 008 | 210129b ||||| |||| 00| 0 eng d | ||
| 020 | _a978-986-185-234-8 | ||
| 082 | _a874.57 MAN | ||
| 100 | _aOG MANDINO | ||
| 245 |
_a第十二个天使 _c栗筱雯 译 |
||
| 250 | _a初版 | ||
| 260 |
_a台湾 _b英属维京群岛商高宝国际有限公司台湾分公司 _c2009 |
||
| 300 | _b平 | ||
| 490 | _a文学新象. TN117 | ||
| 650 | _a美国文学--长篇小说 | ||
| 942 |
_cBK _o874.57 MAN |
||
| 999 |
_c62621 _d62611 |
||